Southville International School and Colleges
Your cart is empty.
  • Cart
  • Lists
    Public lists Eva Luna New books Lux_list list_1
    Your lists Log in to create your own lists
  • Log in to your account
  • Your cookies
  • Search history
Southville International School and Colleges
  • Advanced search
  • Recent comments
  • Most popular
  • Libraries

Log in to your account

Log in with GOOGLE


If you do not have an external account, but do have a local account, you can still log in:

  1. Home
  2. MARC view: Chariots of the gods? :
Normal view MARC view ISBD view

Chariots of the gods? : (Record no. 288451)

[ view plain ]
MARC details
000 -LEADER
fixed length control field 00726nam a22002050 4500
003 - CONTROL NUMBER IDENTIFIER
control field PILC
005 - DATE AND TIME OF LATEST TRANSACTION
control field 20150824123020.0
008 - FIXED-LENGTH DATA ELEMENTS--GENERAL INFORMATION
fixed length control field 990708s1971 eng
050 00 - LIBRARY OF CONGRESS CALL NUMBER
Classification number CB 156
Item number .D331 1971
100 1# - MAIN ENTRY--PERSONAL NAME
Personal name Daniken, Erich von,
Dates associated with a name 1935-
245 10 - TITLE STATEMENT
Title Chariots of the gods? :
Remainder of title unsolved mysteries of the past /
Statement of responsibility, etc Erich von Daniken ; translated by Michael Heron.
250 ## - EDITION STATEMENT
Edition statement Bantem edition.
260 ## - PUBLICATION, DISTRIBUTION, ETC. (IMPRINT)
Place of publication, distribution, etc New York :
Name of publisher, distributor, etc Bantam Books,
Date of publication, distribution, etc 1971.
300 ## - PHYSICAL DESCRIPTION
Extent ix, 163 pages :
Other physical details illustrations ;
Dimensions 18 cm.
440 #2 - SERIES STATEMENT/ADDED ENTRY--TITLE
Title A Bantam book.
500 ## - GENERAL NOTE
General note Originally published: New York : Putnam, 1970.
650 #0 - SUBJECT ADDED ENTRY--TOPICAL TERM
Topical term or geographic name as entry element Civilization, Ancient
General subdivision Extraterrestrial influences.
650 #0 - SUBJECT ADDED ENTRY--TOPICAL TERM
Topical term or geographic name as entry element Life on other planets.
942 ## - ADDED ENTRY ELEMENTS (KOHA)
Source of classification or shelving scheme Library of Congress Classification
Koha item type Books
Call number prefix Foreign
Holdings
Withdrawn status Lost status Source of classification or shelving scheme Damaged status Home library Current library Shelving location Date acquired Source of acquisition Sub Shelving location Total Checkouts Full call number Barcode Date last seen Price effective from Koha item type
    Library of Congress Classification   College Library College Library Fiction Section 08/24/2015 Donation     CB 156 .D331 1971 C19744 05/08/2018 08/24/2015 Books
    Library of Congress Classification   College Library College Library Fiction Section 08/24/2015 Donation     CB 156 .D331 1971 C19746 03/01/2018 08/24/2015 Books

Chariots of the gods? :

APA

Daniken E. v., . (1971). Chariots of the gods?. New York: Bantam Books.

Chicago

Daniken Erich von, . 1971. Chariots of the gods?. New York: Bantam Books.

Harvard

Daniken E. v., . (1971). Chariots of the gods?. New York: Bantam Books.

MLA

Daniken Erich von, . Chariots of the gods?. New York: Bantam Books. 1971.

  • Place hold
  • Print
  • Cite
  • Add to your cart (remove)
  • Save record
    BIBTEX Dublin Core MARCXML MARC (non-Unicode/MARC-8) MARC (Unicode/UTF-8) MARC (Unicode/UTF-8, Standard) MODS (XML) RIS
  • More searches
    Search for this title in:
    Other Libraries (WorldCat) Other Databases (Google Scholar) Online Stores (Bookfinder.com) Open Library (openlibrary.org)

Exporting to Dublin Core...

SOUTHVILLE LIBRARY

Southville International School and Colleges Library

1281 Tropical Ave. Cor. Luxembourg St., BF Homes International, Las Pinas City

Tel. No. 8256374 / 252358 Loc. 117/146

Powered by Koha